Best-selling Car Brands (Europe) Quiz Stats

 Plays Quiz Updated Jul 14, 2016

Challenge
Share
Tweet
Embed
Score 0/35 Timer 04:00
3 Plays Today
Sales Brand % Correct
1,089,816Ford
94.4%
532,028Toyota
91.4%
1,683,247Volkswagen
91.2%
641,805BMW
86.4%
593,485Mercedes-Benz
80%
150,243Honda
78.6%
684,133Fiat
76.2%
679,812Audi
68.5%
395,154Hyundai
66.7%
175,791Chevrolet
64.2%
255,342Volvo
62%
287,516Kia
60.6%
459,218Nissan
60.2%
1,045,221Renault
57%
911,816Peugeot
52.7%
13,303Saab
48.7%
771,023Citroën
48.6%
990,137Opel/Vauxhall
48.4%
Sales Brand % Correct
41,907Porsche
43.8%
113,613Mitsubishi
39.3%
137,156Mazda
38.4%
22,643Jaguar
37.8%
305,469SEAT
36.8%
494,478Škoda
35.2%
27,463Lexus
34.7%
168,479MINI
34.6%
37,109Subaru
34.5%
179,512Suzuki
34%
72,858Land Rover
29.8%
130,396Alfa Romeo
28%
23,603Jeep
26.6%
252,324Dacia
17.8%
78,797smart
15.9%
98,495Lancia
12%
12,061Daihatsu
11.4%

You're not logged in!

Compare scores with friends on all Sporcle quizzes.
Join for Free
OR
Log In

You Might Also Like...

Show Comments

Extras

Top Quizzes Today


Score Distribution

Your Account Isn't Verified!

In order to create a playlist on Sporcle, you need to verify the email address you used during registration. Go to your Sporcle Settings to finish the process.

Report this User

Report this user for behavior that violates our Community Guidelines.

Details: